Reconstrucción económica para la democracia

Saved in:
Bibliografiske detaljer
Main Authors: Foxley Ríoseco, Alejandro (Author), Cortázar, René (Author), Solimano, Andrés (Author), Arellano, José Pablo (Author), Ffrench-Davis, Ricardo (Author)
Andre forfattere: Meller Bock, Patricio (autor), Muñoz Gomá, Oscar (autor)
Format: Bog
Sprog:spansk
Udgivet: Santiago Aconcagua 1983
Fag:
Tags: Tilføj Tag
Ingen Tags, Vær først til at tagge denne postø!

MARC

LEADER 00000nam a2200000 a 4500
001 UCT3700
003 CL-VaPUC
008 961024e19830000CL |||||||||||||||||spa|d
082 0 4 |a 338.9  |b FOX  |2 21 
100 0 |a Foxley Ríoseco, Alejandro  |e author  |9 372677 
700 0 |a Cortázar, René  |e author  |9 372678 
700 |a Meller Bock, Patricio  |e autor  |9 603136 
700 0 |a Solimano, Andrés  |e author  |9 372680 
700 0 |a Arellano, José Pablo  |e author  |9 372681 
700 0 |a Ffrench-Davis, Ricardo  |e author  |9 372682 
700 |a Muñoz Gomá, Oscar  |e autor  |9 588181 
245 1 0 |a Reconstrucción económica para la democracia 
300 |a 348 p 
942 |c BK 
945 |d 19961024 00:00:00  |a nastorga 
260 |a Santiago  |b Aconcagua  |c 1983 
650 0 |a Desarrollo económico  |9 259599 
650 0 |a Economía   |9 255568 
650 0 |a Democracia  |9 255256 
650 7 |a MONETARISMO  |2 CL-VaPUC  |9 372684 
650 7 |a DERECHO LABORAL  |2 CL-VaPUC  |9 15 
650 7 |a DESAFIOS  |2 CL-VaPUC  |9 372685 
650 0 |a Desempleo   |9 257579 
650 0 |a Política económica   |9 255029 
650 7 |a FINANCIAMIENTO  |2 CL-VaPUC  |9 358995 
650 7 |a ESTRATEGIAS  |2 CL-VaPUC  |9 342878 
650 0 |a Industrialización  |9 263687 
583 |a last modification  |c 19961024 00:00:00  |k Rodrigo Vera 
999 |c 253257  |d 253255 
952 |0 0  |1 0  |4 0  |6 338_900000000000000_FOX_1983  |7 0  |8 A  |9 273928  |a BIBENE  |b BIBENE  |d 2019-11-19  |i 3238547  |o 338.9 FOX 1983  |p 3238547  |r 2025-01-15  |w 2019-11-19  |y BK  |k ICO 
952 |0 0  |1 0  |4 0  |6 338_900000000000000_FOX_1983  |7 0  |8 A  |9 273929  |a BIBTEO  |b BIBTEO  |d 2019-11-19  |i 2094940  |o 338.9 FOX 1983  |p 2094940  |r 2025-01-17  |w 2019-11-19  |y BK  |k ICR